| 000 | 00588nam a2200217Ia 4500 | ||
|---|---|---|---|
| 005 | 20260115172833.0 | ||
| 008 | 008 260114s9999 xx 000 0 eng d | ||
| 020 | _a9781316711798 | ||
| 037 | _aEBOOK | ||
| 040 |
_aCRL _beng _cCRL |
||
| 041 |
_aeng _2eng |
||
| 084 | _qCRL | ||
| 100 |
_aStoneman _9879310 |
||
| 245 | 2 | _aA History of Alexander the Great in World Culture | |
| 260 | _bCambridge University Press | ||
| 260 | _bCambridge University Press | ||
| 260 | _c2022 | ||
| 856 | _uhttps://doi.org/10.1017/9781316711798 | ||
| 942 | _cEBOOK | ||
| 999 |
_c1477915 _d1477915 |
||